Le Vaucluse en images - Statistiques

Statistiques générales
  • Ce quiz a été pris 167 fois
  • Le résultat moyen est 12 sur 18
Statistiques - réponses
Par images Hint Réponse % Correct
Ville Avignon
98%
Montagne Mont Ventoux
95%
Ville Cavaillon
91%
Ville Orange
90%
Spécialité Asperge de Lauris
87%
Cours d'eau Rhône
87%
Chanteur Christophe Maé
81%
Monument Palais des Papes
81%
Parc naturel Luberon
73%
Cours d'eau Durance
69%
Site touristique Colorado provençal
64%
Source Fontaine-de-Vaucluse
58%
Vignoble Châteauneuf-du-Pape
55%
Ville antique Vaison-la-Romaine
50%
Ancienne province Comtat Venaissin
36%
Streameur Ponce
34%
Chanteuse Michèle Torr
23%
Poète René Char
13%
Aucun quiz correspondant
Distribution des résultats
% des personnes avec chaque résultat
Percentile par nombre de réponses
Votre historique - résultats
Vous n’avez pas pris ce quiz